000 00313nam a22001217a 4500
008 160518b xxu||||| |||| 00| 0 eng d
020 _a9780397549535
020 _a0397549539
041 _aeng
080 _a618.2
245 _aMaternal neonatal nursing :
_cKatharyn A. May; Laura R. Mahlmeister;
942 _2udc
_cBK
999 _c2170
_d2170